书目信息 |
| 题名: |
竞走
|
|
| 作者: | 黑羽义治 ;李鸿江 译 | |
| 分册: | ||
| 出版信息: | 北京 人民体育出版社 2001 |
|
| 页数: | 115 | |
| 开本: | 20cm | |
| 丛书名: | 青少年田径技术训练从书 | |
| 单 册: | ||
| 中图分类: | G821 | |
| 科图分类: | ||
| 主题词: | 田径运动 | |
| 电子资源: | ||
| ISBN: | 7-5009-2131-4 | |
| 000 | 00638nam0 2200217 450 | |
| 001 | 0736480453 | |
| 005 | 20070817100800.46 | |
| 010 | @a7-5009-2131-4@d¥8.00 | |
| 100 | @a20070817d km y0chiy0120 ea | |
| 101 | 0 | @achi |
| 200 | 1 | @a竞走@Ajing zou@f(日)黑羽义治@F(ri)hei yu yi zhi@g李鸿江译@Gli hong jiang yi |
| 210 | @a北京@c人民体育出版社@d2001 | |
| 215 | @a115@d20cm | |
| 225 | 2 | @a青少年田径技术训练从书 |
| 410 | 0 | @12001 @a青少年田径技术训练从书 |
| 606 | 0 | @a田径运动 |
| 690 | @aG821@v3 | |
| 701 | 0 | @a黑羽义治@Ahei yu yi zhi |
| 702 | 0 | @a李鸿江@Ali hong jiang@4译 |
| 801 | 0 | @aCN@bPFT@c20070817 |
| 905 | @a213230@dG821@et33@f1 | |
| 竞走/(日)黑羽义治/李鸿江译.-北京:人民体育出版社,2001 |
| 115;20cm.-(青少年田径技术训练从书) |
| ISBN 7-5009-2131-4:¥8.00 |
| ● |
| 相关链接 |
|
|
|
|
正题名:竞走
索取号:G821/t33
 
预约/预借
| 序号 | 登录号 | 条形码 | 馆藏地/架位号 | 状态 | 备注 |
| 1 | 6900294 | 269002946 | 密集书库-体育系/ [索取号:G821/t33] | 在馆 |